El paraíso de América: un poema en decimas al estilo de La Lira Popular

Salvato in:
Dettagli Bibliografici
Autore principale: Pontigo, Domingo (Autore)
Natura: Libro
Lingua:spagnolo
Pubblicazione: Santiago Instituto Nacional de Pastoral Rural 1990
Soggetti:
Tags: Aggiungi Tag
Nessun Tag, puoi essere il primo ad aggiungerne!!

MARC

LEADER 00000nam a2200000 a 4500
001 UCQ6412
003 CL-VaPUC
008 981016e19900000CL |||||||||||||||||spa|d
082 0 4 |a Ch861  |b PON  |2 21 
100 0 |a Pontigo, Domingo  |e author  |9 420299 
245 1 3 |a El paraíso de América: un poema en decimas al estilo de La Lira Popular 
300 |a 198 p 
942 |c BK 
945 |d 19981016 00:00:00  |a mvenant 
260 |a Santiago  |b Instituto Nacional de Pastoral Rural  |c 1990 
650 0 |a Poesías chilenas   |9 265280 
583 |a last modification  |c 19981016 00:00:00  |k Rodrigo Vera 
999 |c 276371  |d 276369 
952 |0 0  |1 0  |4 0  |6 CH_861_000000000000000_PON_1990  |7 0  |8 X  |9 313569  |a FDOMLP  |b FDOMLP  |d 2019-11-20  |i 3472299  |o Ch861 PON 1990  |p 3472299  |r 2019-11-20  |w 2019-11-20  |y BK_X  |k BU2